000
00312nam a22001337a 4500
008
181023b xxu||||| |||| 00| 0 eng d
020
_a
9781319034573
041
_a
eng
080
_2
11th
_a
820
100
_a
21
101
_a
GJL
245
_a
The Bedford Introduction to Literature
_c
Meyer,M
942
_2
udc
_c
BK
999
_c
50608
_d
50608